History Quiz

Random History or Oceania Quiz

Countries of the Tu'i Tonga Empire Quiz Stats

 Plays Quiz not verified by Sporcle

Score 0/10 Timer 02:00
1 Play Today
Modern Country % Correct
Tonga
95.3%
Samoa
90.5%
Fiji
90.4%
New Zealand
86.7%
Kiribati
83.5%
Nauru
83%
Tuvalu
82.1%
Solomon Islands
80.4%
United States
79.8%
France
69.9%

You're not logged in!

Compare scores with friends on all Sporcle quizzes.
OR
Log In

Show Comments

Extras

Top Quizzes Today


Score Distribution

Your Account Isn't Verified!

In order to create a playlist on Sporcle, you need to verify the email address you used during registration. Go to your Sporcle Settings to finish the process.

Report this User

Report this user for behavior that violates our Community Guidelines.

Details: